Регионална библиотека "Любен Каравелов" - Русе

Италия (Запис номер 56933)

MARC детайли
000 -Лидер
Контролно поле с фиксирана дължина 01408nam a2200325 c 4500
003 - Код на организацията, давaща контролен номер
Контролно поле BLK
005 - Дата и час на последна редакция
Контролно поле 20180420222634.0
008 - Елементи от данни с фиксирана дължина
fixed length control field 180408b bul|||||r ||||||| ||bul||
010 ## - Наследен системен номер
LC control number KNG00060920000
040 ## - Източник на каталожния запис
Идентификатор на билиотеката - собственик на записа BLK
041 ## - Код за език
Код за езика на текст/звукозапис или на отделно заглавие Български
Код за езика КДБФ Български
080 ## - УДК
Текстов определител УДК Социография. Социално положение. Условия на политическия и социалния живот. Социално и социално-икономическо положение на отделните страни, народи, раси. Социална география. (Общи въпроси)
УДК код - определител по УДК 308
УДК определител (45)
УДК - код + определител 308(45)
080 ## - УДК
Текстов определител УДК География на Италия
УДК код - определител по УДК 913(450)
УДК определител
УДК - код + определител 913(450)
100 1# - Редна дума - Автор
Автор Кираджиев, Светлин Стефанов
Авторска отговорност първи автор
R(LIN) 242915
139 ## - Редно поле
Редна дума Кираджиев, Светлин Стефанов
Авторски знак Кир - К 56
245 10 - Сведения за заглавието
Заглавие Италия
Подзаглавни данни Очерк
Редно поле (дума) Светлин Стефанов Кираджиев.
257 ## - Страна на издаване
Страна на създаване/издаване България
260 ## - Област на издателските данни
-- София
Име на издателя, разпространителя и проч. Нар. просв.
Година на издаване 1985
300 ## - Физическа характеристика
Страници 184 с.
Илюстрации и др. с ил., 16 л. цв. ил.
Размери/Мащаб 17 см
380 ## - Жанр
Жанр Обществени науки
490 1# - СЕРИИ (Колекции)
Име на серия Библиотека География
650 #4 - Допълнително описание по предмет – тема
Основно описание – тема или топоним Италия
9 (RLIN) 178965
651 #4 - Допълнително описание по предмет - топоним
Географско понятие Италия
9 (RLIN) 178965
653 ## - Ключова дума – ненормативна
Ключова дума Италия
852 ## - Местоположение
Форматна сигнатура Цб І 22086
856 4# - Електронен адрес и достъп
Електронен формат pdf - файл
Път до файла /url/
856 4# - Електронен адрес и достъп
Електронен формат pdf - файл
Път до файла /url/
942 ## - АРТИКУЛИ
Вид на библиотечния материал Книги
Скрит в OPAC Не
944 ## - СЪЗДАВАНЕ И РЕДАКЦИЯ на ЗАПИСА
Създаване/Редакция Създаване
Дата на регистрацията/редакция 13.06.2004
Служител, извършил регистрацията/редакцията Милена_Ачева
944 ## - СЪЗДАВАНЕ И РЕДАКЦИЯ на ЗАПИСА
Създаване/Редакция Редакция
Дата на регистрацията/редакция 06.02.2013
Служител, извършил регистрацията/редакцията
999 ## - СИСТЕМНИ КОНТРОЛНИ НОМЕРА
Koha biblionumber 56933
Koha biblioitemnumber 56933
Наличности
Код за отписване Код за изгубен артикул Източник на класификационната схема Код за повреда Коз за рестрикции Код за отдаване Артикулен № Име на библиотеката - собственик Име на библиотеката, в която се намира в момента Статус (Текущо местоположение) Дата на вписване в системата Местоположение - отдел Цена в лева Инвентарен номер Систематично азбучна сигнатура Баркод Номер на екземпляра Цена в евро Служебна бележка Служебен тип на артикула
  Не е изгубен Universal Decimal Classification Не е повреден само за читалня ползва се в читалня 91297 Регионална библиотека "Любен Каравелов" Русе Регионална библиотека "Любен Каравелов" Русе Хранилище 1985-01-01 Хранилище 0.99 432427 Цб І 22086 120000432427 1 0.51 Дост: Dp Вид: Д N: стар фонд Дата: 01.01.1985 Книги
Изтеглен Не е изгубен Universal Decimal Classification Не е повреден без рестрикции ползва се в читалня 91298 Регионална библиотека "Любен Каравелов" Русе Регионална библиотека "Любен Каравелов" Русе Читалня 1985-01-01 Читалня 0.99 432663 Ч 308(4)/К 56 432663 2 0.51 Дост: Pk Вид: Ф N: стар фонд Дата: 01.01.1985 Дата инв: 22.03.2017 Бележки инв: Ч2017 Книги
Vip Innovations Ltd, Rousse, Bulgaria 2025